Flag Link #2 - Statistics

General Stats
  • This quiz has been taken 25 times
  • The average score is 14 of 15
Answer Stats
Picture Hint Answer % Correct
Australia
100%
Brazil
100%
Canada
100%
Italy
100%
Japan
100%
Mexico
100%
South Korea
100%
United Kingdom
100%
United States
100%
France
96%
Finland
92%
Germany
92%
Switzerland
92%
Belgium
88%
What's the Link Olympic Hosts
12%
No matching quizzes found
Score Distribution
Percent of People with Each Score
Percentile by Number Answered
Your Score History
You have not taken this quiz